[Event "Bayern-chI Bank Hofmann 26th"]
[Site "Tegernsee"]
[Date "2023.10.29"]
[Round "2"]
[White "Scheffner, Jarno"]
[Black "Bracker, Arne"]
[Result "0-1"]
[WhiteElo "1983"]
[BlackElo "2279"]
[PlyCount "94"]
[EventDate "2023.10.28"]
[EventType "swiss"]
[EventRounds "9"]
[EventCountry "GER"]
[SourceTitle "Mega2024 Update 01"]
[Source "Chessbase"]
[SourceDate "2023.11.12"]
[SourceVersion "1"]
[SourceVersionDate "2023.11.12"]
[SourceQuality "1"]

1. e4 e5 2. Nf3 Nc6 3. Bb5 a6 4. Ba4 Nf6 5. d3 Bc5 6. c3 d6 7. 0-0 Ba7 8. Nbd2 0-0 9. h3 Ne7 10. Re1 Ng6 11. Nf1 c6 12. d4 exd4 13. cxd4 d5 14. e5 Nh5 15. Bg5 f6 16. exf6 Nxf6 17. Bc2 Qc7 18. Ng3 Bd7 19. Qd3 Nf4 20. Bxf4 Qxf4 21. Nh5 Qh6 22. Ng3 Rae8 23. Re5 Bb8 24. Rxe8 Rxe8 25. Nf5 Qh5 26. Re1 Ne4 27. Ng3 Nxg3 28. fxg3 Bxg3 29. Rxe8+ Bxe8 30. Qf5 Qxf5 31. Bxf5 a5 32. Kf1 b6 33. Ke2 h6 34. Kd2 Kf8 35. a3 c5 36. Kc3 Ke7 37. b4 cxb4+ 38. axb4 Kd6 39. Bd3 Bh5 40. bxa5 bxa5 41. Nd2 Be1 42. Kc2 Be8 43. Nf3 Ba4+ 44. Kb2 Bg3 45. Nd2 Bf2 46. Kc3 Be1 47. Bb1 Bb5 0-1

[Event "GER-ch NSV Online 1st"]
[Site "Playchess.com INT"]
[Date "2020.04.26"]
[Round "7"]
[White "Scheffner, Jarno"]
[Black "Poschadel, Andreas Gregor"]
[Result "0-1"]
[WhiteElo "1959"]
[BlackElo "1946"]
[PlyCount "56"]
[EventDate "2020.04.26"]
[EventType "swiss (blitz)"]
[EventRounds "13"]
[EventCountry "GER"]
[SourceTitle "CBM 196 Extra"]
[Source "ChessBase"]
[SourceDate "2020.07.31"]
[SourceVersion "1"]
[SourceVersionDate "2020.07.31"]
[SourceQuality "1"]

1. e4 c5 2. Nf3 Nc6 3. d4 cxd4 4. Nxd4 e5 5. Nb5 a6 6. Nd6+ Bxd6 7. Qxd6 Qf6 8. Qxf6 Nxf6 9. Nc3 Nb4 10. Bd3 d5 11. exd5 Nbxd5 12. Bd2 0-0 13. 0-0-0 Nb4 14. Be2 Bf5 15. Bd3 Bxd3 16. cxd3 Nxd3+ 17. Kc2 Nxf2 18. Rdf1 Nxh1 19. Bg5 Ng4 20. Rxh1 h6 21. Bh4 Ne3+ 22. Kd3 Nxg2 23. Bg3 Nf4+ 24. Ke4 Ng6 25. Nd5 f5+ 26. Kf3 Rad8 27. Rd1 Kf7 28. h4 Ne7 0-1

[Event "FIDE Disabled Cup"]
[Site "Ankara"]
[Date "2019.12.10"]
[Round "2.2"]
[White "McConnell, Griffin Thomas"]
[Black "Scheffner, Jarno"]
[Result "1-0"]
[WhiteElo "1769"]
[BlackElo "1955"]
[PlyCount "79"]
[EventDate "2019.12.09"]
[EventType "team-tourn"]
[EventRounds "5"]
[EventCountry "TUR"]
[SourceTitle "CBM 193 Extra"]
[Source "ChessBase"]
[SourceDate "2020.01.31"]
[SourceVersion "1"]
[SourceVersionDate "2020.01.31"]
[SourceQuality "1"]
[WhiteTeam "Americas"]
[BlackTeam "Europe"]

1. e4 c5 2. Nc3 a6 3. d3 g6 4. g3 Bg7 5. Be3 d6 6. Bg2 Nc6 7. Nge2 Nf6 8. h3 0-0 9. 0-0 Nd7 10. Qd2 Nd4 11. Nd1 Nxe2+ 12. Qxe2 h6 13. f4 f5 14. exf5 gxf5 15. Bd2 Nf6 16. Qf2 Qe8 17. Bc3 Qg6 18. Bxf6 Bxf6 19. c3 Ra7 20. Ne3 b5 21. Kh2 e6 22. Rad1 Rg7 23. Bf3 Kh8 24. Rg1 h5 25. Qe2 h4 26. g4 fxg4 27. hxg4 Be7 28. Be4 Qf6 29. Rdf1 d5 30. g5 Qf7 31. g6 Qxf4+ 32. Rxf4 Bd6 33. Qh5+ Kg8 34. Nxd5 Bb7 35. Nf6+ Rxf6 36. Qh7+ Rxh7 37. gxh7+ Kf7 38. h8Q Rxf4 39. Qg8+ Ke7 40. Rg7+ 1-0

[Event "Niedersachsen-ch op A"]
[Site "Verden"]
[Date "2019.01.05"]
[Round "5"]
[White "Lammers, Frank"]
[Black "Scheffner, Jarno"]
[Result "0-1"]
[WhiteElo "1900"]
[BlackElo "1896"]
[PlyCount "102"]
[EventDate "2019.01.03"]
[EventType "swiss"]
[EventRounds "7"]
[EventCountry "GER"]
[SourceTitle "EXT 2022"]
[Source "ChessBase"]
[SourceDate "2021.10.06"]
[SourceVersion "1"]
[SourceVersionDate "2021.10.06"]
[SourceQuality "1"]

1. c4 e5 2. g3 Nf6 3. Bg2 d5 4. cxd5 Nxd5 5. Nc3 Nb6 6. Nf3 Nc6 7. 0-0 Be7 8. d3 0-0 9. a3 a5 10. b3 Be6 11. Bb2 f5 12. Rc1 Bf6 13. Nd2 Qd7 14. Nb5 Nd5 15. Qc2 Rfd8 16. Rfd1 Nce7 17. Nc3 Nxc3 18. Bxc3 Nd5 19. Bb2 c6 20. Qb1 Ne7 21. Nc4 Qc7 22. Qa1 Ng6 23. a4 h5 24. d4 e4 25. e3 h4 26. Bc3 Kf7 27. Qb2 Rh8 28. Qd2 hxg3 29. hxg3 Bd8 30. Qb2 Bd5 31. Ne5+ Nxe5 32. dxe5 Ke6 33. b4 axb4 34. Qxb4 Be7 35. Qd4 Rhd8 36. Bf1 c5 37. Bb2 cxd4 38. Rxc7 d3 39. Ra1 Bc6 40. a5 Ra6 41. Bd4 Rg8 42. Bb6 Bd8 43. f3 Bxc7 44. Bxc7 Rc8 45. Bd6 Rca8 46. fxe4 fxe4 47. Bh3+ Kd5 48. Bc7 b6 49. Bg2 Rxa5 50. Rf1 Ra1 51. Bxb6 d2 0-1

[Event "Niedersachsen-ch op A"]
[Site "Verden"]
[Date "2019.01.04"]
[Round "3"]
[White "Ehlert, Horst"]
[Black "Scheffner, Jarno"]
[Result "1-0"]
[WhiteElo "1947"]
[BlackElo "1896"]
[PlyCount "64"]
[EventDate "2019.01.03"]
[EventType "swiss"]
[EventRounds "7"]
[EventCountry "GER"]
[SourceTitle "EXT 2022"]
[Source "ChessBase"]
[SourceDate "2021.10.06"]
[SourceVersion "1"]
[SourceVersionDate "2021.10.06"]
[SourceQuality "1"]

1. d4 Nf6 2. Nf3 g6 3. Nbd2 Bg7 4. e4 0-0 5. Bc4 d6 6. 0-0 a6 7. a4 Nbd7 8. c3 e5 9. dxe5 dxe5 10. Qc2 Ne8 11. Re1 Nd6 12. Ba2 Kh8 13. Nc4 Nxc4 14. Bxc4 Nb6 15. Bb3 h6 16. Be3 Bg4 17. Bc5 Bxf3 18. Bxf8 Qg5 19. Bxg7+ Kxg7 20. g3 Qg4 21. Qd3 Rd8 22. Qe3 Rd2 23. a5 Nd7 24. Bc4 Rxb2 25. Rab1 Rxb1 26. Rxb1 Nf6 27. Rxb7 Bxe4 28. f3 Qc8 29. Rb2 Bc6 30. Qxe5 Qd7 31. Rf2 Bb7 32. Kg2 Qc6 1-0

[Event "Niedersachsen-ch op A"]
[Site "Verden"]
[Date "2019.01.03"]
[Round "1"]
[White "Meyer, Heinz Dieter"]
[Black "Scheffner, Jarno"]
[Result "1-0"]
[WhiteElo "2076"]
[BlackElo "1896"]
[PlyCount "53"]
[EventDate "2019.01.03"]
[EventType "swiss"]
[EventRounds "7"]
[EventCountry "GER"]
[SourceTitle "EXT 2022"]
[Source "ChessBase"]
[SourceDate "2021.10.06"]
[SourceVersion "1"]
[SourceVersionDate "2021.10.06"]
[SourceQuality "1"]

1. c4 Nf6 2. Nf3 d6 3. d4 g6 4. g3 Bg7 5. Bg2 0-0 6. 0-0 Nc6 7. Nc3 e5 8. d5 Ne7 9. e4 h6 10. c5 dxc5 11. Nxe5 Nxe4 12. Nxe4 Bxe5 13. Bxh6 Re8 14. Bg5 Kg7 15. Nxc5 Rh8 16. Re1 f6 17. Rxe5 fxe5 18. Qe2 Qd6 19. Ne4 Qxd5 20. Bf6+ Kg8 21. Bxe7 Qe6 22. Bg5 a5 23. Rd1 a4 24. Bf6 Rh5 25. Rd8+ Kf7 26. Ng5+ Rxg5 27. Bxg5 1-0

[Event "Niedersachsen-ch op A"]
[Site "Verden"]
[Date "2019.01.03"]
[Round "2"]
[White "Scheffner, Jarno"]
[Black "Moerke, Niklas"]
[Result "1-0"]
[WhiteElo "1896"]
[BlackElo "1887"]
[PlyCount "61"]
[EventDate "2019.01.03"]
[EventType "swiss"]
[EventRounds "7"]
[EventCountry "GER"]
[SourceTitle "EXT 2022"]
[Source "ChessBase"]
[SourceDate "2021.10.06"]
[SourceVersion "1"]
[SourceVersionDate "2021.10.06"]
[SourceQuality "1"]

1. e4 e6 2. d4 d5 3. Nd2 Nf6 4. e5 Nfd7 5. Bd3 c5 6. c3 Nc6 7. Ne2 Be7 8. 0-0 0-0 9. Nf3 f6 10. exf6 Nxf6 11. Ng3 cxd4 12. cxd4 Bd6 13. Re1 Qc7 14. Bd2 Bd7 15. Bc3 Rae8 16. Rc1 Qb8 17. Ne5 Bc8 18. Nh5 Re7 19. Re3 g6 20. Nxf6+ Rxf6 21. Qg4 Rg7 22. h4 Ne7 23. Qg5 Bxe5 24. dxe5 Rf8 25. Bb4 Rff7 26. Bd6 Qa8 27. Rc7 h6 28. Qxh6 Nf5 29. Bxf5 exf5 30. Rxf7 Kxf7 31. Qh8 1-0

[Event "Oberliga Nord W 1617"]
[Site "Germany"]
[Date "2017.04.23"]
[Round "8.8"]
[White "Pollmann, Sascha"]
[Black "Scheffner, Jarno"]
[Result "1-0"]
[WhiteElo "2079"]
[BlackElo "1671"]
[PlyCount "113"]
[EventDate "2016.10.16"]
[EventType "team-tourn"]
[EventRounds "9"]
[EventCountry "GER"]
[SourceTitle "EXT 2018"]
[Source "ChessBase"]
[SourceDate "2017.10.13"]
[SourceVersion "1"]
[SourceVersionDate "2017.10.13"]
[SourceQuality "1"]
[WhiteTeam "Werder Bremen"]
[BlackTeam "Nordhorn Blanke"]
[WhiteTeamCountry "GER"]
[BlackTeamCountry "GER"]

1. Nf3 Nf6 2. g3 g6 3. Bg2 Bg7 4. 0-0 0-0 5. d3 Nc6 6. e4 e5 7. Re1 h6 8. Nbd2 d5 9. c3 Bg4 10. Qc2 Qd7 11. b4 a6 12. Bb2 Rad8 13. a4 dxe4 14. dxe4 Qd3 15. Qxd3 Rxd3 16. b5 axb5 17. axb5 Nd8 18. h3 Bxf3 19. Nxf3 Nd7 20. Ba3 Re8 21. Red1 Rxd1+ 22. Rxd1 Nf6 23. Nxe5 Nxe4 24. Bxe4 Bxe5 25. c4 Bd6 26. Bxd6 Rxe4 27. Bxc7 Ne6 28. Bb6 Rxc4 29. Be3 Kg7 30. b6 g5 31. Rd7 Kf6 32. Rxb7 Rb4 33. Rd7 Nf8 34. Ra7 Ne6 35. Kg2 Rb3 36. Kf1 Nd8 37. Bd4+ Ke6 38. Ra2 Nc6 39. Rb2 Rxb2 40. Bxb2 f5 41. Bg7 h5 42. Bh6 g4 43. hxg4 fxg4 44. b7 Kf5 45. Be3 Ke4 46. Kg2 Nb8 47. Ba7 Na6 48. b8Q Nxb8 49. Bxb8 Kd3 50. Kf1 Ke4 51. Ke2 Kf5 52. Ke3 Kg5 53. Bd6 Kf5 54. Bc7 Kg5 55. Ke4 Kf6 56. Kf4 Kg6 57. Bd8 1-0

[Event "W-ch Disabled"]
[Site "Dresden"]
[Date "2015.10.20"]
[Round "3"]
[White "Scheffner, Jarno"]
[Black "Napierala, Malgorzata"]
[Result "1-0"]
[WhiteElo "1675"]
[BlackElo "1722"]
[PlyCount "68"]
[EventDate "2015.10.18"]
[EventType "swiss"]
[EventRounds "7"]
[EventCountry "GER"]
[SourceTitle "CBM 168 Extra"]
[Source "ChessBase"]
[SourceDate "2015.10.29"]
[SourceVersion "1"]
[SourceVersionDate "2015.10.29"]
[SourceQuality "1"]

1. e4 e5 2. Nf3 Nc6 3. d4 exd4 4. Bc4 Bb4+ 5. c3 dxc3 6. 0-0 Nf6 7. e5 Ne4 8. Qd5 0-0 9. Qxe4 d6 10. bxc3 Bc5 11. Ng5 g6 12. Qh4 h5 13. exd6 Bxd6 14. Ba3 Ne5 15. Bb3 Bf5 16. h3 Bxb1 17. Bxd6 cxd6 18. Raxb1 Rc8 19. f4 Nc4 20. f5 d5 21. Qf4 Qb6+ 22. Kh1 Ne3 23. Rf3 Nxf5 24. Bc2 Qf6 25. Bxf5 gxf5 26. Qg3 Kh8 27. Rxb7 Rce8 28. Rxa7 Rb8 29. Nxf7+ Rxf7 30. Qxb8+ Kh7 31. Rg3 Rxa7 32. Qxa7+ Kh6 33. Qd4 Qe7 34. Qh8+ Qh7 1-0